| LEADER | 01400nem a2200373 a 4500 | ||
|---|---|---|---|
| 001 | nkc20051632917 | ||
| 003 | CZ PrNK | ||
| 005 | 20060714091502.0 | ||
| 007 | aj canzn | ||
| 008 | 051128s2005 xr z a 1 cze | ||
| 015 | |a cnb001632917 | ||
| 020 | |a 80-7348-139-1 | ||
| 034 | 1 | |a a |b 175000 | |
| 040 | |a BOA001 |b cze |d ABA001 | ||
| 043 | |a e-xr--- |b e-xr-kr |2 czenas | ||
| 072 | 7 | |a 913(437) |x Geografie Česka a Slovenska, reálie, cestování |2 Konspekt |9 7 | |
| 080 | |a 913(437.313) |2 MRF | ||
| 080 | |a 912.43 |2 MRF | ||
| 080 | |a (084.3) |2 MRF | ||
| 245 | 0 | 0 | |a Královéhradecký kraj |h [kartografický dokument] : |b mapa kraje |
| 255 | |a Měřítko 1:175 000 | ||
| 260 | |a Brno : |b P.F. art, |c 2005 | ||
| 300 | |a 1 mapa : |b barev. ; |c 58 x 65 cm na listu 63 x 92 cm, složeno na 25 x 11 cm | ||
| 500 | |a Doplňková mapa Hradce Králové a mapa krajů ČR | ||
| 500 | |a Stručný vlastivědný text s barev. il. na rubu listu | ||
| 500 | |a Obsahuje rejstřík sídel | ||
| 651 | 7 | |a Královéhradecký kraj (Česko : 2000-) |7 ge135816 |2 czenas | |
| 655 | 7 | |a mapy |7 fd132800 |2 czenas | |
| 910 | 2 | |a BOA001 |b Mp2-1165.373 | |
| 990 | |a MP | ||
| 995 | |a 01 | ||
| 991 | |b 200603 |c NOV | ||
| 996 | 6 | |b 2610273482 |c Mp2-1165.373 |l MZK |r Sklad / do 1 hodiny |n 0 |p p.v. |w 000808074 |u 000010 |a 1 |e BOA001 |j MZK50 |s P | |
| 996 | 7 | |b 2610273483 |c Mp2-1165.373 |l MZK |r Sklad / do 1 hodiny |n 0 |p p.v. |w 000808074 |u 000020 |a 1 |e BOA001 |j MZK50 |s A | |
English
Čeština 